00463nam a2200169 a 450000100060000000300090000600800410001502000150005604000280007108200170009910000190011624500330013526000670016830000110023565000190024665000280026518636CO-ViMGA141112s2004 ck r 000 u spa d a9701809246 aCO-ViMGAbspacCO-ViMGA04aPe861.5 V1531 aVallejo, Cesar10aLos heraldos negros , Trilce aMexico, cConsejo Nacional para la cultura y las artes, c1997 a182.p.14aPOESIA PERUANA14aVIDA COTIDIANA - POESIA